Inside Windows NT

Salvato in:
Dettagli Bibliografici
Autore principale: Solomon, David A. (Autore)
Natura: Libro
Lingua:inglese
Pubblicazione: Redmond : Microsoft Press, 1998
Edizione:2.ed.
Soggetti:
Tags: Aggiungi Tag
Nessun Tag, puoi essere il primo ad aggiungerne!!

MARC

LEADER 00000nam a22000003a 4500
001 stu49166
005 20150617225620.6
008 990218s1998------------------------eng-d
020 |a 1-57231-677-2 
040 |a STU  |b slo 
041 0 |a eng 
080 |a 681.32.066 
080 |a 519.68 
084 |a B6210L  |2 INS 
084 |a C5620  |2 INS 
084 |a C6150J  |2 INS 
100 1 |a Solomon, David A.  |4 aut 
245 1 |a Inside Windows NT 
250 |a 2.ed. 
260 |a Redmond :  |b Microsoft Press,  |c 1998 
300 |a 528 s 
650 7 |a počítačové siete  |2 stusub 
650 7 |a sieťové operačné systémy  |2 stusub 
996 |c I*9OP5264  |l I  |s A  |a 24  |w stu49166_0001